00561nam a22002057a 450000500170000001000130001702000100003003500130004003700160005304000120006908200150008110000240009624500610012026000380018127000520021930000250027150000230029665000160031965000200033520170124110146.0 aB-011202 c00.00 aB-011202 bCen Lib/Ret aDPLbEN a158.1bWAL aWalia, Mohinder M.  aNine steps to successful living /cby Mohinder M. Walia  aNew Delhi bUBS Publishers c2000 bNew Delhi a5, Ansari Road, Dariya Ganje110002 axvi, 171p.c21cm(Hb) aIncludes appendix  aPsychology  aLaw of success